000 00533nam a2200217Ia 4500
005 20250425162225.0
008 250425s9999 xx 000 0 und d
020 _a1580083110
041 _aeng
082 _a658.314
100 _aMICHALKO, MICHAEL
245 0 _aCRACKING CREATIVITY: THE SECRETS OF CREATIVE GENIUS
250 _aS.E.
260 _aBERKELEY
260 _aEstados Unidos
_bTEN SPEDD PRESS
_c2001
300 _a309
650 _aCREATIVIDAD
710 _aTEN SPEED PRESS
942 _c01
010 _a57834
999 _c224858
_d224858